|
|
|
|
| LEADER |
00000nam a2200000 a 4500 |
| 001 |
UCW5553 |
| 003 |
CL-VaPUC |
| 008 |
910605e19870000MX |||||||||||||||||spa|d |
| 082 |
0 |
4 |
|a 501
|b ANO
|2 21
|
| 100 |
0 |
|
|a Anojin, P. K
|e author
|9 310565
|
| 245 |
1 |
0 |
|a Psicología y la filosofía de la ciencia: metodología del sistema funcional
|
| 300 |
|
|
|a 398 p
|
| 942 |
|
|
|c BK
|
| 945 |
|
|
|d 19910605 00:00:00
|
| 260 |
|
|
|a Ciudad de México
|b Trillas
|c 1987
|
| 650 |
|
0 |
|a Filosofía de las ciencias
|9 256466
|
| 583 |
|
|
|a last modification
|c 19910605 00:00:00
|k Rodrigo Vera
|
| 999 |
|
|
|c 218957
|d 218955
|
| 952 |
|
|
|0 0
|1 0
|4 0
|6 501_000000000000000_ANO_1987
|7 0
|8 A
|9 209339
|a BIBEDU
|b BIBEDU
|d 2019-11-15
|i 2771675
|o 501 ANO 1987
|p 2771675
|r 2019-11-15
|w 2019-11-15
|y BK
|k EDU
|